000 00266nam a2200109Ia 4500
001 588760
005 20250717120837.0
008 250717s9999 xx 000 0 und d
245 0 _aZ-2 BUZ ADALARI
_cİSMAİL BİLGİN
260 _bERDEM YAYINLARI
_c2018
300 _b76
999 _c588760
_d588760